00691nam a2200229Ia 4500003000400000005001700004008004100021020001500062040000700077082001600084100001900100245004700119250000800166260004200174300003000216500001900246600002700265650001500292942001200307952012700319999001500446OSt20241007075837.0240925s9999 xx 000 0 und d a8129701073 cdf a621.382 TOM aTomasi , Wayne 0aAdvanced Electronic Communications Systems a6th aSingapore:bPearson educationc,2005. axvi,1115p.bNAfPhotocopy aIncludes Index aElectronic Engineering aTechnology cBK2ddc 001040708ELaUITUbUITUd2005-06-23eStandard Booksg695.00l0o621.382 TOMpQ6202r2024-09-25 07:14:07w2024-09-25yBK c8701d8701